Представление документа в формате MARC21

Поле Инд. ПП Название Значение
Тип записи a
Библиографический уровень m
001 Контрольный номер RU/IS/BASE/375890432
005 Дата корректировки 20140226013841.3
040 a Служба первич. каталог. НБ ТвГУ
b Код языка каталог. rus
e Правила каталог. PSBO
041 0_ a Код языка текста rus
080 a Индекс УДК 519.22(075.8)
084 a Индекс другой классификации/Индекс ББК В192.1я73-1
090 a Полочн. индекс 519.2
x Авторский знак Щ 76
100 1_ a Автор Щиголев Борис Михайлович
q Полное имя Щиголев Б. М.
245 10 a Заглавие Математическая обработка наблюдений
b Продолж. заглавия учебник для механико-математических и физико-математических факультетов университетов
250 a Основные сведения об издании Изд. 2-е, стер.
260 a Место издания Москва
b Издательство Физматгиз
c Дата издания 1962
300 a Объем 344 с.
b Иллюстрации/ тип воспроизводства ил.
504 a Библиография Библиогр.: с. 339-340
653 a Ключевые слова Вычислительная математика
a Ключевые слова Математика
a Ключевые слова Математическая обработка наблюдений
a Ключевые слова Учебники для вузов
901 t Тип документа m
920 a Оператор Шалы
930 a Новая/Ретро учебники
952 c Вид литературы К ру
954 a Дата поступления на обработку 20111129